00266nam a22001097a 450000500170000000800410001704100080005808200100006624500320007626000360010865000120014420160628111314.0160628b xxu||||| |||| 00| 0 eng d aeng b10749 aPramana, Journal of Physics bIndian Academy of Sciencesc188 aJournal